000 00420nam a2200157 i 4500
001 66309
003 ES-MaACL
005 20230906165608.0
007 t|
008 040203s1973 sp ||||1| spa d
100 1 _aGalindo, Elías.
_953431
245 1 3 _aEl perdón por el perdón /
_cElías Galindo.
260 _a[Valencia :
_bGenovés,
_c1973]
300 _a32 h. ;
_c21 cm.
852 _aES-MaACL
_j2082-F-18
_bR.87718
999 _c66309
_d66309